[Event "IND-ch"]
[Site "India"]
[Date "1988.??.??"]
[Round "?"]
[White "Anand, Viswanathan"]
[Black "Ravi, Lanka"]
[Result "1-0"]
[WhiteElo "2520"]
[BlackElo "2320"]
[PlyCount "65"]
[EventDate "1988.??.??"]
[Source "ChessBase"]
[SourceDate "1996.11.15"]

1. e4 c6 2. d4 d5 3. exd5 cxd5 4. c4 Nf6 5. Nc3 e6 6. Nf3 Be7 7. cxd5 exd5 8.
Bd3 Nc6 9. h3 O-O 10. O-O h6 11. Bf4 Be6 12. Re1 Rc8 13. Qd2 Re8 14. Rad1 Bb4
15. a3 Bf8 16. Bb1 Nd7 17. Ne5 Ncxe5 18. dxe5 Nb6 19. Qd3 g6 20. Qg3 Nc4 21.
Ne4 Bg7 22. Re2 Qe7 23. Nd6 Nxd6 24. exd6 Qd7 25. Rde1 d4 26. h4 Kf8 27. h5 g5
28. Be5 Rc5 29. Bxg7+ Kxg7 30. Qd3 Qxd6 31. Qh7+ Kf8 32. Bg6 Qf4 33. Qh8+ 1-0

[Event "IND-ch"]
[Site "India"]
[Date "1988.??.??"]
[Round "?"]
[White "Ravi, Thandalam Shanmugam"]
[Black "Anand, Viswanathan"]
[Result "0-1"]
[WhiteElo "2215"]
[BlackElo "2520"]
[PlyCount "80"]
[EventDate "1988.??.??"]
[Source "ChessBase"]
[SourceDate "1996.11.15"]

1. e4 c5 2. Nf3 Nc6 3. d4 cxd4 4. Nxd4 Nf6 5. Nxc6 bxc6 6. Bd3 d6 7. O-O g6 8.
Qe2 Bg7 9. c4 O-O 10. Nc3 Rb8 11. Qc2 Nd7 12. b3 Nc5 13. Bb2 a5 14. Rad1 Qb6
15. Ba1 Qc7 16. Kh1 e5 17. Ne2 a4 18. bxa4 Rb4 19. Nc3 Be6 20. a3 Rb3 21. Rb1
Rxa3 22. Rb4 Qa5 23. Rbb1 Nxa4 24. Nxa4 Qxa4 25. Qxa4 Rxa4 26. Rfd1 Rfa8 27. h3
c5 28. f3 Bh6 29. Bf1 Be3 30. Bc3 Bd4 31. Bxd4 exd4 32. Rdc1 Kg7 33. Kh2 g5 34.
Kg3 Kf6 35. Rb2 Ra1 36. Rbc2 Ke5 37. Rxa1 Rxa1 38. Kf2 h5 39. Bd3 h4 40. Be2
Ra3 0-1

[Event "IND-ch"]
[Site "India"]
[Date "1988.??.??"]
[Round "?"]
[White "Ravisekhar, Raja"]
[Black "Anand, Viswanathan"]
[Result "1/2-1/2"]
[WhiteElo "2355"]
[BlackElo "2520"]
[PlyCount "29"]
[EventDate "1988.??.??"]
[Source "ChessBase"]
[SourceDate "1996.11.15"]

1. d4 Nf6 2. Nf3 d5 3. Bf4 c6 4. c3 Bg4 5. Nbd2 Nbd7 6. h3 Bh5 7. e3 e6 8. Qb3
Qc8 9. Bd3 Be7 10. O-O O-O 11. c4 Re8 12. Rac1 a5 13. a3 a4 14. Qc2 Bd8 15. Ne5
1/2-1/2

[Event "Biel-B"]
[Site "Biel"]
[Date "1988.??.??"]
[Round "2"]
[White "Bellon Lopez, Juan Manuel"]
[Black "Anand, Viswanathan"]
[Result "1/2-1/2"]
[WhiteElo "2450"]
[BlackElo "2555"]
[PlyCount "147"]
[EventDate "1988.07.??"]
[Source "ChessBase"]
[SourceDate "1996.11.15"]

1. d4 Nf6 2. c4 e6 3. Nf3 b6 4. Nc3 Bb4 5. Bg5 Bb7 6. Qc2 h6 7. Bh4 g5 8. Bg3
Ne4 9. Be5 Bxc3+ 10. bxc3 f6 11. d5 exd5 12. cxd5 Bxd5 13. Rd1 Bb7 14. Bg3 Na6
15. Nd4 Qe7 16. f3 Nxg3 17. Qg6+ Qf7 18. Qxf7+ Kxf7 19. hxg3 Nc5 20. e4 a6 21.
Nf5 Rae8 22. Kf2 h5 23. Rd4 d6 24. Bc4+ Kg6 25. g4 h4 26. Rdd1 Bc8 27. Ne3 Rh7
28. a3 Re5 29. g3 hxg3+ 30. Kxg3 Ree7 31. Ba2 Rxh1 32. Rxh1 Rh7 33. Rxh7 Kxh7
34. Nd5 Be6 35. Nxf6+ Kg6 36. Nd5 Bxd5 37. Bxd5 Na4 38. c4 Nc3 39. Bb7 a5 40.
Kf2 Nb1 41. Ke3 Nxa3 42. Kd3 b5 43. cxb5 Nxb5 44. Kc4 Na7 45. e5 dxe5 46. Kb3
Nb5 47. Ka4 Nd6 48. Bc6 Kf6 49. Kxa5 e4 50. fxe4 Ke5 51. Kb4 Nxe4 52. Ba8 Kd4
53. Bb7 c5+ 54. Kb3 Nf6 55. Bc8 c4+ 56. Kc2 Nd5 57. Kd2 c3+ 58. Kc2 Nb4+ 59.
Kd1 Ke3 60. Bf5 Nd5 61. Kc2 Kd4 62. Bc8 Ne3+ 63. Kc1 Kc4 64. Be6+ Kd3 65. Bd7
c2 66. Be8 Kc3 67. Bg6 Nxg4 68. Bxc2 Ne3 69. Be4 g4 70. Bb7 g3 71. Bc6 Kd3 72.
Bf3 Nf5 73. Kd1 Ke3 74. Bh1 1/2-1/2

[Event "Biel-B"]
[Site "Biel"]
[Date "1988.??.??"]
[Round "8"]
[White "Anand, Viswanathan"]
[Black "Costa, Jean Luc"]
[Result "1/2-1/2"]
[WhiteElo "2555"]
[BlackElo "2350"]
[PlyCount "197"]
[EventDate "1988.07.??"]
[Source "ChessBase"]
[SourceDate "1996.11.15"]

1. e4 e5 2. Nf3 d6 3. d4 Nf6 4. Nc3 Nbd7 5. Bc4 Be7 6. O-O c6 7. a4 O-O 8. Re1
a5 9. h3 exd4 10. Nxd4 Nc5 11. Bf1 Re8 12. Qf3 Qb6 13. b3 Qb4 14. Bc4 Ncd7 15.
Qe3 d5 16. exd5 Bf8 17. Qd2 Rxe1+ 18. Qxe1 cxd5 19. Ndb5 dxc4 20. Ba3 cxb3 21.
Bxb4 axb4 22. Ne2 bxc2 23. Ned4 Nc5 24. Nxc2 Nd3 25. Qd2 Bf5 26. Ne1 Nxe1 27.
Rxe1 Rxa4 28. Qd8 b3 29. Nd4 Bc2 30. Nxc2 bxc2 31. Rc1 Rc4 32. Qd3 b5 33. Rxc2
Rxc2 34. Qxc2 h5 35. f4 b4 36. Qc4 g6 37. Kf2 h4 38. Kf3 Ne8 39. Kg4 Be7 40.
Qc8 f5+ 41. Kf3 Kf7 42. Ke3 Ng7 43. Qc4+ Ne6 44. Qd5 Bd8 45. Kd3 Kf6 46. Qe5+
Kf7 47. Kc4 Be7 48. Kd5 Nf8 49. Kc6 Nh7 50. Qd5+ Kf8 51. Qb3 Nf6 52. g3 hxg3
53. Qxg3 Kg7 54. Qe3 Kf7 55. Qb3+ Ke8 56. Qe6 Kf8 57. h4 Ke8 58. Kb5 Kf8 59.
Kc4 Ke8 60. Kd4 Kf8 61. h5 Nxh5 62. Qxg6 Ng7 63. Kd5 Bh4 64. Kc6 Be1 65. Qd6+
Kf7 66. Qd5+ Kf8 67. Kd6 Bc3 68. Kd7 Bf6 69. Qc5+ Kg8 70. Qxb4 Kf7 71. Qb3+ Kg6
72. Qg8 Bh4 73. Kd6 Bf6 74. Qb3 Bh4 75. Qh3 Bf6 76. Qg2+ Kf7 77. Kd7 Bh4 78.
Qd5+ Kg6 79. Qg8 Bf6 80. Kd6 Bh4 81. Qf8 Bf6 82. Kd5 Bc3 83. Qc5 Bf6 84. Kd6
Ne8+ 85. Kd7 Ng7 86. Qg1+ Kf7 87. Qg3 Bd4 88. Qb3+ Kg6 89. Qg8 Bf6 90. Kd6 Bh4
91. Qa8 Bf6 92. Qc6 Kf7 93. Qg2 Be7+ 94. Kd7 Bh4 95. Qh3 Bf6 96. Qg3 Bd4 97.
Kd6 Bf6 98. Kd5 Be7 99. Qxg7+ 1/2-1/2

[Event "Biel-B"]
[Site "Biel"]
[Date "1988.??.??"]
[Round "10"]
[White "Anand, Viswanathan"]
[Black "Hickl, Joerg"]
[Result "1-0"]
[WhiteElo "2555"]
[BlackElo "2500"]
[PlyCount "87"]
[EventDate "1988.07.??"]
[Source "ChessBase"]
[SourceDate "1996.11.15"]

1. e4 g6 2. d4 Bg7 3. Nc3 d6 4. f4 c6 5. Nf3 Bg4 6. Be3 Qb6 7. Qd2 Bxf3 8. gxf3
Nd7 9. O-O-O Qa5 10. Kb1 b5 11. h4 Nb6 12. Bd3 Nf6 13. Qg2 Nh5 14. Ne2 Nc4 15.
Bc1 Bh6 16. Qg4 Rb8 17. Ng3 Nf6 18. Qh3 Nd7 19. h5 Kd8 20. Qf1 Ndb6 21. Qe1
Qxe1 22. Rdxe1 Kc7 23. c3 Nd7 24. Kc2 e6 25. Rh2 Bg7 26. Reh1 Ncb6 27. b3 Rhg8
28. Ba3 d5 29. Nf1 Nc8 30. Ne3 b4 31. Bxb4 Bxd4 32. Ng4 f5 33. Nh6 Rg7 34. hxg6
hxg6 35. Rg2 fxe4 36. fxe4 Be3 37. exd5 cxd5 38. f5 Rh7 39. Rxg6 e5 40. Rh3 Bc5
41. Bxc5 Nxc5 42. f6 e4 43. Be2 Nd7 44. Rh5 1-0

[Event "Thessaloniki ol (Men)"]
[Site "Thessaloniki"]
[Date "1988.??.??"]
[Round "2"]
[White "Mukabi, John"]
[Black "Anand, Viswanathan"]
[Result "0-1"]
[WhiteElo "2200"]
[BlackElo "2555"]
[PlyCount "130"]
[EventDate "1988.11.??"]
[Source "ChessBase"]

1. e4 e5 2. Nf3 Nc6 3. Bb5 a6 4. Bxc6 dxc6 5. Nc3 f6 6. d4 exd4 7. Qxd4 Qxd4 8.
Nxd4 Bd6 9. Be3 Ne7 10. f3 O-O 11. O-O-O Ng6 12. g3 Re8 13. Nb3 Bb4 14. Bd4 b6
15. a3 Bf8 16. f4 Bb7 17. Rhe1 Rad8 18. Bf2 c5 19. Rxd8 Rxd8 20. Nd2 Ne7 21. g4
Ng6 22. Bg3 Bd6 23. e5 fxe5 24. fxe5 Be7 25. Nc4 Bf3 26. e6 Rc8 27. Ne3 c6 28.
h3 Bg5 29. Kb1 Re8 30. Nc4 Nf8 31. Nxb6 Rxe6 32. Rxe6 Nxe6 33. Nd7 Bg2 34. h4
Be3 35. Nd1 Bd2 36. Nf2 c4 37. Ne5 Bd5 38. c3 Nc5 39. g5 Na4 40. Kc2 Be3 41.
Nxc4 Bxc4 42. b3 Bb5 43. bxa4 Bxa4+ 44. Kb2 Kf7 45. Ng4 Bc5 46. Ne5+ Ke6 47.
Nd3 Be7 48. Nb4 a5 49. Nd3 Bb5 50. Nf2 Kf5 51. a4 Bxa4 52. Bc7 h6 53. gxh6 gxh6
54. h5 Bh4 55. Nd3 Bb5 56. Nc5 Be7 57. Bb6 a4 58. Ka3 Kg4 59. Kb4 Kxh5 60. c4
Ba6 61. Kc3 Bxc5 62. Bxc5 Kg4 63. Bd6 h5 64. Kd4 h4 65. Kc5 a3 0-1

[Event "Thessaloniki ol (Men)"]
[Site "Thessaloniki"]
[Date "1988.??.??"]
[Round "10"]
[White "Anand, Viswanathan"]
[Black "Mariotti, Sergio"]
[Result "1-0"]
[WhiteElo "2555"]
[BlackElo "2400"]
[PlyCount "113"]
[EventDate "1988.11.??"]
[Source "ChessBase"]

1. e4 e6 2. d4 d5 3. Nd2 Nf6 4. e5 Ne4 5. Bd3 f5 6. exf6 Nxf6 7. Ngf3 Bd6 8.
O-O O-O 9. Re1 c5 10. dxc5 Bxc5 11. Nb3 Bb6 12. Nbd4 Nc6 13. c3 Qd6 14. Be3
Nxd4 15. Bxd4 Bxd4 16. cxd4 Bd7 17. Ne5 Qb6 18. Qd2 Be8 19. Rac1 Nd7 20. Nf3
Rf6 21. a4 Bh5 22. a5 Qd8 23. Ne5 Nxe5 24. Rxe5 Bg6 25. Be2 Rc8 26. Bg4 Rxc1+
27. Qxc1 Bf5 28. Bxf5 Rxf5 29. Rxe6 Qxa5 30. Re8+ Rf8 31. Rxf8+ Kxf8 32. Qc8+
Ke7 33. Qxb7+ Kf6 34. Qc6+ Ke7 35. Qc1 Qb4 36. Qe3+ Kf7 37. b3 a5 38. g4 a4 39.
bxa4 Qxa4 40. Kg2 Qa2 41. Qe5 h6 42. h4 Qb3 43. Qc7+ Kg8 44. Qc8+ Kf7 45. Qd7+
Kf6 46. Qc6+ Ke7 47. g5 hxg5 48. hxg5 Qd1 49. Qc7+ Ke8 50. Qe5+ Kf8 51. Qf4+
Ke7 52. g6 Qh5 53. Qe5+ Qxe5 54. dxe5 Ke6 55. f4 Kf5 56. Kf3 Kxg6 57. Ke3 1-0

[Event "Thessaloniki ol (Men)"]
[Site "Thessaloniki"]
[Date "1988.??.??"]
[Round "14"]
[White "Campora, Daniel Hugo"]
[Black "Anand, Viswanathan"]
[Result "0-1"]
[WhiteElo "2540"]
[BlackElo "2555"]
[PlyCount "86"]
[EventDate "1988.11.??"]
[Source "ChessBase"]

1. e4 e5 2. Nf3 Nf6 3. Nc3 Nc6 4. Bb5 Bb4 5. O-O O-O 6. d3 d6 7. Bg5 Bxc3 8.
bxc3 h6 9. Bh4 Bd7 10. d4 Qe7 11. Re1 a6 12. Bd3 Kh8 13. d5 Nb8 14. Nd2 g5 15.
Bg3 b6 16. Nc4 a5 17. Ne3 Na6 18. Qf3 Nc5 19. Nf5 Bxf5 20. Qxf5 Rg8 21. Qf3 h5
22. h4 Ng4 23. Qf5 Nh6 24. Qf3 g4 25. Qe3 Rg6 26. Kh2 Rf8 27. f4 gxf3 28. gxf3
Nxd3 29. cxd3 f5 30. Qe2 Rfg8 31. Rg1 Qg7 32. Bf2 Rg2+ 33. Kh1 Qg3 34. Bxg3
Rxe2 35. Bh2 Re3 36. Rxg8+ Kxg8 37. d4 f4 38. dxe5 dxe5 39. Rg1+ Kh7 40. Rf1
Rxc3 41. Rf2 Nf7 42. Kg2 b5 43. Kf1 b4 0-1

[Event "Belgrade GMA op"]
[Site "Belgrade"]
[Date "1988.??.??"]
[Round "?"]
[White "Akopian, Vladimir"]
[Black "Anand, Viswanathan"]
[Result "1/2-1/2"]
[WhiteElo "2455"]
[BlackElo "2555"]
[PlyCount "90"]
[EventDate "1988.12.??"]
[Source "ChessBase"]

1. c4 e5 2. Nc3 d6 3. g3 g6 4. Bg2 Bg7 5. Nf3 f5 6. d3 Nc6 7. O-O Nf6 8. Rb1 a5
9. a3 O-O 10. b4 axb4 11. axb4 h6 12. b5 Ne7 13. c5 Be6 14. Bd2 Nd7 15. cxd6
cxd6 16. Na4 b6 17. Bb4 Nc5 18. Bxc5 dxc5 19. Qc2 Ra7 20. Nd2 Nd5 21. Bxd5 Bxd5
22. Nc4 Rb7 23. Rbc1 f4 24. Naxb6 Rxb6 25. Nxb6 Qxb6 26. Qxc5 Qe6 27. e4 Bb3
28. f3 fxg3 29. hxg3 Qh3 30. Qf2 Rb8 31. Rc6 Rxb5 32. Rxg6 Bf7 33. Rg4 h5 34.
Rg5 Ra5 35. Qb6 Ra2 36. Qb8+ Kh7 37. Rxg7+ Kxg7 38. Qxe5+ Kg6 39. Rf2 Rxf2 40.
Qd6+ Kh7 41. Kxf2 Qh2+ 42. Ke3 h4 43. Qe7 Qg1+ 44. Ke2 Qg2+ 45. Ke3 Qg1+
1/2-1/2

[Event "Belgrade GMA op"]
[Site "Belgrade"]
[Date "1988.??.??"]
[Round "?"]
[White "Mohr, Georg"]
[Black "Anand, Viswanathan"]
[Result "1-0"]
[WhiteElo "2460"]
[BlackElo "2555"]
[PlyCount "63"]
[EventDate "1988.12.??"]
[Source "ChessBase"]

1. d4 d5 2. Nf3 Nf6 3. Bg5 e6 4. e3 c5 5. Nbd2 Nbd7 6. c3 Be7 7. Bd3 b6 8. Ne5
Bb7 9. f4 O-O 10. Qf3 h6 11. h4 Ne8 12. Bxh6 gxh6 13. Qh5 f5 14. g4 Ng7 15.
Qxh6 Rf6 16. Ng6 Rxg6 17. Qxg6 Nf8 18. Qh6 fxg4 19. O-O-O Nf5 20. Qh5 Nxe3 21.
Rde1 cxd4 22. Rxe3 dxe3 23. Qxg4+ Kf7 24. Qh5+ Kf6 25. Qe5+ Kf7 26. Qh5+ Kf6
27. Nf3 Bd6 28. Qh6+ Ke7 29. Qg7+ Ke8 30. Bb5+ Nd7 31. Ng5 Qe7 32. Qg8+ 1-0

[Event "Belgrade GMA op"]
[Site "Belgrade"]
[Date "1988.??.??"]
[Round "?"]
[White "Okhotnik, Vladimir"]
[Black "Anand, Viswanathan"]
[Result "1/2-1/2"]
[WhiteElo "2445"]
[BlackElo "2555"]
[PlyCount "106"]
[EventDate "1988.12.??"]
[Source "ChessBase"]

1. e4 e5 2. Nf3 Nc6 3. Bc4 Bc5 4. c3 Nf6 5. d4 exd4 6. O-O Nxe4 7. cxd4 d5 8.
dxc5 dxc4 9. Qxd8+ Nxd8 10. Re1 f5 11. Nc3 O-O 12. Nxe4 fxe4 13. Rxe4 Be6 14.
Be3 Bd5 15. Re7 Rf7 16. Re8+ Rf8 17. Rxf8+ Kxf8 18. Rd1 Bxf3 19. gxf3 Ne6 20.
f4 g6 21. Kg2 Ke7 22. a4 b6 23. c6 Rd8 24. Rc1 Rd3 25. Rxc4 Rb3 26. Bd4 Nxf4+
27. Kf1 Rd3 28. Ke1 Ne6 29. Be5 Rd5 30. Bg3 Rc5 31. Rxc5 Nxc5 32. Bxc7 Nxa4 33.
Be5 Ke6 34. Ke2 b5 35. f4 Kd5 36. c7 Nb6 37. Kf3 h5 38. Kg3 Ke4 39. b4 Nc8 40.
Bf6 a6 41. Bd8 Nd6 42. Bg5 Nf5+ 43. Kh3 Nd6 44. Bh6 Nc8 45. Kg3 Kf5 46. Kf3 Ke6
47. Bf8 Kd7 48. Ke4 Kxc7 49. Ke5 Nb6 50. Ke6 Kc6 51. h4 Nd5 52. Ke5 a5 53. bxa5
b4 1/2-1/2

[Event "Cannes schev"]
[Site "Cannes"]
[Date "1989.??.??"]
[Round "?"]
[White "Anand, Viswanathan"]
[Black "Csom, Istvan"]
[Result "1/2-1/2"]
[WhiteElo "2515"]
[BlackElo "2545"]
[PlyCount "35"]
[EventDate "1989.02.??"]
[Source "ChessBase"]

1. e4 c5 2. Nf3 d6 3. d4 cxd4 4. Nxd4 Nf6 5. Nc3 Nc6 6. Bg5 e6 7. Qd2 a6 8.
O-O-O h6 9. Be3 Qc7 10. Kb1 Ng4 11. f4 Nxe3 12. Qxe3 Bd7 13. Be2 O-O-O 14. f5
Ne5 15. Rhf1 Kb8 16. Qh3 Be7 17. Bh5 Bf6 18. Nce2 1/2-1/2

[Event "Groningen"]
[Site "Groningen"]
[Date "1989.??.??"]
[Round "?"]
[White "Anand, Viswanathan"]
[Black "Azmaiparashvili, Zurab"]
[Result "1/2-1/2"]
[WhiteElo "2555"]
[BlackElo "2575"]
[PlyCount "48"]
[EventDate "1989.12.??"]
[Source "ChessBase"]

1. e4 d6 2. d4 g6 3. Nc3 Bg7 4. Nf3 Nf6 5. h3 c6 6. Be3 Qa5 7. Bd3 Nbd7 8. O-O
e5 9. dxe5 dxe5 10. Qd2 O-O 11. Nd5 Qd8 12. Nxf6+ Nxf6 13. Rfd1 Qc7 14. Bh6 Re8
15. Bxg7 Kxg7 16. Qe3 a5 17. Nd2 Be6 18. Bc4 Rad8 19. Bxe6 Rxe6 20. Nf3 Ree8
21. Rxd8 Rxd8 22. Re1 Nd7 23. Rd1 Nf6 24. Re1 Nd7 1/2-1/2

[Event "Groningen"]
[Site "Groningen"]
[Date "1989.??.??"]
[Round "?"]
[White "Anand, Viswanathan"]
[Black "Rogers, Ian"]
[Result "1/2-1/2"]
[WhiteElo "2555"]
[BlackElo "2470"]
[PlyCount "50"]
[EventDate "1989.12.??"]
[Source "ChessBase"]

1. e4 e6 2. d4 d5 3. Nc3 Bb4 4. e5 Ne7 5. Nge2 c5 6. a3 cxd4 7. axb4 dxc3 8.
bxc3 Qc7 9. f4 O-O 10. Qd3 Bd7 11. b5 Rc8 12. Ba3 Qa5 13. Qd2 Ng6 14. Nd4 Qxc3
15. Qxc3 Rxc3 16. Kd2 Rc8 17. g3 Be8 18. c4 Nd7 19. cxd5 exd5 20. h4 Nc5 21.
Bxc5 Rxc5 22. Bd3 Nf8 23. Nb3 Rcc8 24. Ra3 b6 25. Rha1 Rc7 1/2-1/2

[Event "Groningen"]
[Site "Groningen"]
[Date "1989.??.??"]
[Round "?"]
[White "Brenninkmeijer, Joris"]
[Black "Anand, Viswanathan"]
[Result "1-0"]
[WhiteElo "2445"]
[BlackElo "2555"]
[PlyCount "89"]
[EventDate "1989.12.??"]
[Source "ChessBase"]

1. d4 f5 2. g3 Nf6 3. Bg2 g6 4. Nf3 Bg7 5. O-O O-O 6. b3 d6 7. Bb2 a5 8. a3 c6
9. Nbd2 Kh8 10. Re1 Na6 11. Rc1 d5 12. c4 Be6 13. Ne5 Nc7 14. Nd3 Ne4 15. cxd5
cxd5 16. a4 Bg8 17. Nf3 Na6 18. Nfe5 Rc8 19. e3 Qd6 20. Qe2 Rfe8 21. g4 e6 22.
Qf3 Bf6 23. Qh3 Kg7 24. Nf4 Nb4 25. gxf5 exf5 26. Bxe4 Rxc1 27. Rxc1 fxe4 28.
Nh5+ gxh5 29. Qg3+ Bg5 30. Qxg5+ Kh8 31. Ba3 Re7 32. Bxb4 axb4 33. Rc8 Qe6 34.
Kf1 Rg7 35. Qd8 h6 36. Rc7 Qb6 37. Rd7 Qxd8 38. Rxd8 Rc7 39. Rd7 Rxd7 40. Nxd7
Be6 41. Nc5 Bc8 42. a5 Kg7 43. Kg2 Kf6 44. Kg3 Kg5 45. h4+ 1-0

[Event "Groningen"]
[Site "Groningen"]
[Date "1989.??.??"]
[Round "?"]
[White "Martinovic, Slobodan"]
[Black "Anand, Viswanathan"]
[Result "0-1"]
[WhiteElo "2460"]
[BlackElo "2555"]
[PlyCount "72"]
[EventDate "1989.12.??"]
[Source "ChessBase"]

1. e4 c5 2. Nf3 d6 3. Bb5+ Nc6 4. O-O Bd7 5. c3 Nf6 6. Re1 a6 7. Bxc6 Bxc6 8.
d4 Bxe4 9. Bg5 Bd5 10. c4 Bxc4 11. Nc3 e6 12. Bxf6 gxf6 13. d5 e5 14. Nh4 Bb5
15. Ne4 Bd7 16. Qh5 h6 17. f4 Qe7 18. fxe5 dxe5 19. d6 Qe6 20. Rf1 O-O-O 21.
Nxc5 Qxd6 22. Nxd7 Rxd7 23. Nf5 Qb6+ 24. Kh1 Bc5 25. Qg4 Kb8 26. Nxh6 Rhd8 27.
Qf5 Qxb2 28. h3 Rd2 29. Rab1 Qxa2 30. Qxf6 Qd5 31. Qg7 Bf8 32. Qg4 Bxh6 33. Rf6
Bf4 34. Rf1 Rd1 35. R6xf4 exf4 36. Qxf4+ Ka8 0-1

[Event "Asia zt"]
[Site "India"]
[Date "1990.??.??"]
[Round "?"]
[White "Anand, Viswanathan"]
[Black "Thipsay, Praveen Mahadeo"]
[Result "1/2-1/2"]
[WhiteElo "2555"]
[BlackElo "2435"]
[PlyCount "140"]
[EventDate "1990.??.??"]
[Source "ChessBase"]
[SourceDate "2003.11.25"]

1. e4 e5 2. Nf3 Nc6 3. Bb5 a6 4. Ba4 Nf6 5. O-O Be7 6. Re1 b5 7. Bb3 d6 8. a4
Bg4 9. c3 O-O 10. d3 Na5 11. Bc2 c5 12. h3 Bd7 13. Nbd2 Re8 14. Nf1 Bf8 15. Ng3
g6 16. Nh2 Bg7 17. f4 exf4 18. Bxf4 Qb6 19. Rf1 Be6 20. axb5 axb5 21. Bg5 Nd7
22. Nf5 Bxf5 23. exf5 Ne5 24. Kh1 Nac6 25. Rxa8 Rxa8 26. Ng4 Nxg4 27. Qxg4 Qc7
28. Qe4 Rf8 29. f6 Bh8 30. Bb3 c4 31. dxc4 Na5 32. Ba2 Nxc4 33. b4 Ne5 34. Qd4
Rc8 35. Qd5 Qd8 36. Qxb5 Rxc3 37. Qb7 h6 38. Qe7 Qa8 39. Ra1 Qc8 40. Bd5 hxg5
41. Ra8 Qxa8 42. Bxa8 g4 43. Kg1 g3 44. Kf1 Rc2 45. Qd8+ Kh7 46. Qxd6 Rf2+ 47.
Ke1 Bxf6 48. b5 Kg7 49. b6 Nc4 50. Qb4 Ne3 51. Qb3 Nxg2+ 52. Bxg2 Rxg2 53. b7
Be5 54. Qe3 Bb8 55. Qc3+ Kh7 56. Qc8 Rb2 57. Qxb8 g2 58. Qg3 Rxb7 59. Qh4+ Kg8
60. Kf2 Rb2+ 61. Kg1 Rb5 62. Qd8+ Kg7 63. Qd4+ Kg8 64. Kxg2 Rf5 65. Kg3 Rh5 66.
h4 Rf5 67. Kg4 Rh5 68. Qd8+ Kg7 69. Kf4 Rf5+ 70. Ke4 Rh5 1/2-1/2

[Event "Asia zt"]
[Site "India"]
[Date "1990.??.??"]
[Round "?"]
[White "Lhagvasuren, Cedendemberel"]
[Black "Anand, Viswanathan"]
[Result "1/2-1/2"]
[WhiteElo "2385"]
[BlackElo "2555"]
[PlyCount "53"]
[EventDate "1990.??.??"]
[Source "ChessBase"]
[SourceDate "2003.11.25"]

1. e4 e6 2. d4 d5 3. exd5 exd5 4. Bd3 Bd6 5. Qf3 Nc6 6. c3 Nf6 7. Bg5 Be7 8.
Bxf6 Bxf6 9. Ne2 O-O 10. O-O g6 11. Na3 Bg7 12. Nc2 Nb8 13. Rad1 c6 14. Ne3 Nd7
15. c4 dxc4 16. Bxc4 Nb6 17. Bb3 Be6 18. d5 cxd5 19. Nxd5 Nxd5 20. Bxd5 Bxd5
21. Rxd5 Qc8 22. Rd2 Bh6 23. Rd3 Qc2 24. Rb3 b6 25. Nd4 Qc4 26. Nc6 Rfe8 27. g3
1/2-1/2

[Event "Prestwich"]
[Site "Prestwich"]
[Date "1990.??.??"]
[Round "7"]
[White "Schlosser, Michael"]
[Black "Anand, Viswanathan"]
[Result "0-1"]
[WhiteElo "2340"]
[BlackElo "2555"]
[PlyCount "84"]
[EventDate "1990.??.??"]
[Source "ChessBase"]

1. e4 e5 2. Nf3 Nc6 3. Bb5 Nf6 4. O-O Bc5 5. c3 O-O 6. d4 Bb6 7. Re1 exd4 8. e5
Ng4 9. Bg5 Nxf2 10. Qa4 dxc3 11. Bxd8 cxb2 12. Bxc7 bxa1=Q 13. Bxb6 axb6 14.
Qxa8 Qb2 15. Qa4 Ng4 16. Qxg4 Qxb5 17. Qg3 Qc5+ 18. Kh1 f6 19. exf6 Rxf6 20.
Nbd2 d5 21. Ng5 Rf8 22. Ndf3 h6 23. Nh3 Qb4 24. Nhg1 Bf5 25. Qc7 Be4 26. Rd1
Qe7 27. Qxb6 Ne5 28. Qe3 Ng4 29. Qd4 Qa3 30. h3 Ne3 31. Rd2 Nf1 32. Rf2 Ng3+
33. Kh2 Qd6 34. Ne5 Nf5 35. Qb2 Re8 36. Rxf5 Bxf5 37. Ngf3 Be4 38. Kg1 Qf6 39.
Qxb7 Kh7 40. Qc7 Re7 41. Qb8 Qf4 42. Qb2 Rc7 0-1

[Event "Hoogovens"]
[Site "Wijk aan Zee"]
[Date "1990.01.??"]
[Round "3"]
[White "Dlugy, Maxim"]
[Black "Anand, Viswanathan"]
[Result "1/2-1/2"]
[WhiteElo "2525"]
[BlackElo "2555"]
[PlyCount "23"]
[EventDate "1990.01.??"]
[Source "ChessBase"]

1. d4 d6 2. e4 Nf6 3. f3 d5 4. exd5 Nxd5 5. c4 Nf6 6. Nc3 e6 7. Be3 Bb4 8. Nge2
O-O 9. a3 Be7 10. Qc2 Nbd7 11. O-O-O c6 12. Nf4 1/2-1/2

[Event "Hoogovens"]
[Site "Wijk aan Zee"]
[Date "1990.01.??"]
[Round "4"]
[White "Anand, Viswanathan"]
[Black "Van der Wiel, John TH"]
[Result "1-0"]
[WhiteElo "2555"]
[BlackElo "2550"]
[PlyCount "85"]
[EventDate "1990.01.??"]
[Source "ChessBase"]

1. e4 e6 2. d4 d5 3. Nc3 Bb4 4. Qd3 dxe4 5. Qxe4 Nf6 6. Qh4 c5 7. dxc5 Nd5 8.
Qxd8+ Kxd8 9. Nge2 Nd7 10. Bd2 N5f6 11. c6 bxc6 12. a3 Be7 13. O-O-O Kc7 14.
Nd4 Bb7 15. Be2 Rae8 16. Nb3 Nd5 17. Ne4 f5 18. Ng5 Bxg5 19. Bxg5 e5 20. Bd2 c5
21. g3 h6 22. Rhe1 g5 23. Na5 Ba8 24. Bb5 Rh7 25. Nc4 Bc6 26. Ba5+ N5b6 27. a4
Re6 28. Ne3 f4 29. gxf4 exf4 30. Nf5 Rxe1 31. Rxe1 h5 32. Re6 Bd5 33. Rg6 Ne5
34. Rxg5 Nf3 35. Rg6 Be4 36. Rf6 Nxh2 37. Bd2 Bxf5 38. Bxf4+ Kb7 39. Bc6+ Ka6
40. Rxf5 Ng4 41. f3 Nf2 42. Be3 Nh1 43. Rxc5 1-0

[Event "Hoogovens"]
[Site "Wijk aan Zee"]
[Date "1990.01.??"]
[Round "11"]
[White "Anand, Viswanathan"]
[Black "Short, Nigel D"]
[Result "0-1"]
[WhiteElo "2555"]
[BlackElo "2635"]
[PlyCount "104"]
[EventDate "1990.01.??"]
[Source "ChessBase"]

1. e4 e6 2. d4 d5 3. Nc3 Bb4 4. Qd3 Ne7 5. Bd2 b6 6. Be2 O-O 7. a3 Bxc3 8. Bxc3
a5 9. Nf3 Nd7 10. exd5 exd5 11. O-O Nf6 12. Qd1 Ne4 13. Bd2 Re8 14. Re1 Ng6 15.
Be3 a4 16. Nd2 Nd6 17. Bf3 Be6 18. Nf1 Nh4 19. Bf4 Nc4 20. Rb1 Qf6 21. Bxc7
Rac8 22. Bg3 Nxf3+ 23. Qxf3 Qxf3 24. gxf3 Bh3 25. Rxe8+ Rxe8 26. Bf4 Re2 27.
Rc1 g6 28. Be3 Bf5 29. Ng3 Rxc2 30. Nxf5 Rxc1+ 31. Bxc1 gxf5 32. Kf1 Kg7 33.
Ke2 Kg6 34. Kd3 Na5 35. Bf4 b5 36. Bc7 Nc6 37. Ke3 Kg5 38. Bg3 Na5 39. h4+ Kg6
40. Kd3 Kh5 41. Ke3 Nc4+ 42. Kd3 Nxb2+ 43. Kc3 Nc4 44. Kb4 f4 45. Bxf4 Kxh4 46.
Kxb5 Nxa3+ 47. Kxa4 Nc2 48. Be5 Kg5 49. Kb5 Kf5 50. Kc5 Ke6 51. Bg3 h5 52. f4
f5 0-1

[Event "Rome op"]
[Site "Rome"]
[Date "1990.??.??"]
[Round "3"]
[White "Palatnik, Semon"]
[Black "Anand, Viswanathan"]
[Result "1/2-1/2"]
[WhiteElo "2440"]
[BlackElo "2555"]
[PlyCount "71"]
[EventDate "1990.02.??"]
[Source "ChessBase"]

1. d4 d6 2. c4 e5 3. Nf3 e4 4. Ng5 f5 5. Nh3 Nf6 6. Nc3 c6 7. Bg5 h6 8. Bxf6
Qxf6 9. Nf4 g5 10. Nh5 Qf7 11. e3 Na6 12. Be2 Be7 13. Qb3 Nc7 14. d5 cxd5 15.
cxd5 O-O 16. h4 gxh4 17. O-O-O Bg5 18. Nf4 b5 19. Bh5 Qf6 20. Kb1 a5 21. Qc2 b4
22. Na4 Nb5 23. Ne6 Bxe6 24. dxe6 Rab8 25. Qb3 Qe7 26. Be2 Nc7 27. Nc5 Rfe8 28.
Na6 Rbc8 29. Nxc7 Rxc7 30. Rd5 Qxe6 31. Rxf5 Qxb3 32. axb3 Re5 33. Rxe5 dxe5
34. Rc1 Kf7 35. Rd1 Kg7 36. Bc4 1/2-1/2

[Event "Novi Sad ol (Men)"]
[Site "Novi Sad"]
[Date "1990.??.??"]
[Round "3"]
[White "Bouaziz, Slim"]
[Black "Anand, Viswanathan"]
[Result "1-0"]
[WhiteElo "2360"]
[BlackElo "2610"]
[PlyCount "79"]
[EventDate "1990.11.??"]
[Source "ChessBase"]

1. Nf3 c5 2. e4 Nc6 3. c3 e6 4. d4 d5 5. exd5 exd5 6. Bb5 Bd6 7. O-O Nge7 8.
dxc5 Bxc5 9. Nbd2 O-O 10. Nb3 Bd6 11. Bg5 Qc7 12. Bh4 Bg4 13. Bg3 Rad8 14. Be2
a6 15. Nbd4 Bc8 16. Qc2 Ng6 17. Bd3 Qb6 18. Rfe1 Bc5 19. Nb3 Be7 20. Ne5 Bf6
21. Nxc6 bxc6 22. c4 dxc4 23. Bxc4 Rfe8 24. Rxe8+ Rxe8 25. Bd6 Ne5 26. Bf1 Be6
27. Nc5 Bd5 28. Nxa6 Ng4 29. Bc5 Qd8 30. h3 Be5 31. Nb4 Be4 32. Bd3 Bxg2 33.
Kxg2 Qg5 34. Kh1 Nf6 35. Qc4 Bc7 36. Nxc6 Qh5 37. Bf1 Ne4 38. Be3 Qh4 39. Nd4
Bb8 40. Qb5 1-0

[Event "Novi Sad ol (Men)"]
[Site "Novi Sad"]
[Date "1990.??.??"]
[Round "10"]
[White "Xu Jun"]
[Black "Anand, Viswanathan"]
[Result "1/2-1/2"]
[WhiteElo "2520"]
[BlackElo "2610"]
[PlyCount "22"]
[EventDate "1990.11.??"]
[Source "ChessBase"]

1. d4 Nf6 2. c4 e6 3. Nf3 Bb4+ 4. Bd2 Qe7 5. g3 O-O 6. Bg2 Bxd2+ 7. Qxd2 d6 8.
Nc3 Re8 9. O-O e5 10. e4 Bg4 11. d5 Bxf3 1/2-1/2